Využitie benchmarkingu vo vybranom podniku bakalárska práca

Na minha lista:
Detalhes bibliográficos
Autor principal: Pethöová, Katarína
Autor Corporativo: Fakulta podnikového manažmentu EU. Katedra manažmentu
Outros Autores: Jurových, Matúš
Formato: Livro
Idioma:eslovaco
Publicado em: Bratislava 2012
Tags: Adicionar Tag
Sem tags, seja o primeiro a adicionar uma tag!

MARC

LEADER 00000nbm a2200000 4500
001 0154094
005 20161109111820.6
041 0 |a slo 
044 |a SK 
245 1 0 |a Využitie benchmarkingu vo vybranom podniku  |b bakalárska práca  |c Katarína Pethöová ; školiteľ: Matúš Jurových 
264 1 |a Bratislava  |c 2012 
300 |a 42 s. 
100 1 |a Pethöová, Katarína 
700 1 |a Jurových, Matúš 
710 2 |a Fakulta podnikového manažmentu EU. Katedra manažmentu